[Event "Oslo"]
[Site "Oslo"]
[Date "1984.??.??"]
[Round "?"]
[White "Adorjan, Andras"]
[Black "De Firmian, Nick E"]
[Result "1/2-1/2"]
[WhiteElo "2570"]
[BlackElo "2550"]
[PlyCount "31"]
[EventDate "1984.04.??"]
[EventType "tourn"]
[EventRounds "9"]
[EventCountry "NOR"]
[EventCategory "13"]
[Source "ChessBase"]
[SourceDate "1999.07.01"]
[WhiteTeamCountry "URS"]
[BlackTeamCountry "HUN"]

1. Nf3 c5 2. c4 Nf6 3. g3 b6 4. Bg2 Bb7 5. O-O Nc6 6. b3 e6 7. Bb2 Be7 8. Nc3
O-O 9. e3 Re8 10. Rc1 d5 11. cxd5 Nxd5 12. Nxd5 exd5 13. Ne5 Nxe5 14. Bxe5 Ba6
15. Re1 Qd7 16. Qc2 1/2-1/2

[Event "Oslo"]
[Site "Oslo"]
[Date "1984.??.??"]
[Round "?"]
[White "Adorjan, Andras"]
[Black "Karpov, Anatoly"]
[Result "1/2-1/2"]
[WhiteElo "2570"]
[BlackElo "2705"]
[PlyCount "21"]
[EventDate "1984.04.??"]
[EventType "tourn"]
[EventRounds "9"]
[EventCountry "NOR"]
[EventCategory "13"]
[Source "ChessBase"]
[SourceDate "1999.07.01"]
[WhiteTeamCountry "URS"]
[BlackTeamCountry "HUN"]

1. c4 Nf6 2. Nc3 e5 3. Nf3 Nc6 4. g3 Bb4 5. Nd5 Bc5 6. Bg2 O-O 7. O-O d6 8. e3
a6 9. d4 Ba7 10. dxe5 Nxe5 11. Nxe5 1/2-1/2

[Event "Oslo"]
[Site "Oslo"]
[Date "1984.??.??"]
[Round "?"]
[White "Adorjan, Andras"]
[Black "Wedberg, Tom"]
[Result "1/2-1/2"]
[WhiteElo "2570"]
[BlackElo "2495"]
[PlyCount "24"]
[EventDate "1984.04.??"]
[EventType "tourn"]
[EventRounds "9"]
[EventCountry "NOR"]
[EventCategory "13"]
[Source "ChessBase"]
[SourceDate "1999.07.01"]
[WhiteTeamCountry "URS"]
[BlackTeamCountry "HUN"]

1. c4 c5 2. Nf3 Nc6 3. d4 cxd4 4. Nxd4 e6 5. Nc3 Bb4 6. g3 Qa5 7. Nxc6 dxc6 8.
Bd2 Qc7 9. Ne4 Qa5 10. Bg2 e5 11. Bc3 Bxc3+ 12. bxc3 Nf6 1/2-1/2

[Event "Oslo"]
[Site "Oslo"]
[Date "1984.??.??"]
[Round "?"]
[White "Agdestein, Simen"]
[Black "Adorjan, Andras"]
[Result "1/2-1/2"]
[WhiteElo "2435"]
[BlackElo "2570"]
[PlyCount "81"]
[EventDate "1984.04.??"]
[EventType "tourn"]
[EventRounds "9"]
[EventCountry "NOR"]
[EventCategory "13"]
[Source "ChessBase"]
[SourceDate "1999.07.01"]
[WhiteTeamCountry "URS"]
[BlackTeamCountry "HUN"]

1. d4 Nf6 2. c4 e6 3. Nf3 b6 4. Bf4 Bb7 5. e3 Be7 6. Nc3 Nh5 7. Bg3 O-O 8. Be2
g6 9. O-O d6 10. Rc1 Nd7 11. Nd2 Nxg3 12. hxg3 a6 13. Bf3 c6 14. g4 Qb8 15. a4
d5 16. cxd5 cxd5 17. Be2 Qd6 18. f4 Rac8 19. Bd3 Qb4 20. Rc2 Nb8 21. Qe2 Qd6
22. Rfc1 Nc6 23. Na2 Nb4 24. Nxb4 Qxb4 25. Bxa6 Rxc2 26. Rxc2 Qxa4 27. Bd3 Rc8
28. Rxc8+ Bxc8 29. g5 Qa1+ 30. Nf1 Qc1 31. Kf2 Bd7 32. Qd2 Qxd2+ 33. Nxd2 Kg7
34. g4 Ba4 35. Ke2 h6 36. gxh6+ Kxh6 37. g5+ Kg7 38. Nf3 Bb4 39. Ne5 Kf8 40. e4
dxe4 41. Bxe4 1/2-1/2

[Event "Oslo"]
[Site "Oslo"]
[Date "1984.??.??"]
[Round "?"]
[White "Arnason, Jon L"]
[Black "Adorjan, Andras"]
[Result "1/2-1/2"]
[WhiteElo "2500"]
[BlackElo "2570"]
[PlyCount "40"]
[EventDate "1984.04.??"]
[EventType "tourn"]
[EventRounds "9"]
[EventCountry "NOR"]
[EventCategory "13"]
[Source "ChessBase"]
[SourceDate "1999.07.01"]
[WhiteTeamCountry "URS"]
[BlackTeamCountry "HUN"]

1. e4 c5 2. Nf3 e6 3. d4 cxd4 4. Nxd4 Nf6 5. Nc3 d6 6. Be2 a6 7. f4 Qb6 8. Bf3
Be7 9. Nb3 Nc6 10. Qe2 O-O 11. a4 Qc7 12. O-O b6 13. Be3 Bb7 14. g4 Rfc8 15. g5
Nd7 16. Bg2 Bf8 17. Rf3 g6 18. h4 Nc5 19. Rh3 Bg7 20. Qf2 Nb4 1/2-1/2

[Event "Oslo"]
[Site "Oslo"]
[Date "1984.??.??"]
[Round "?"]
[White "Makarychev, Sergey"]
[Black "Adorjan, Andras"]
[Result "1/2-1/2"]
[WhiteElo "2495"]
[BlackElo "2570"]
[PlyCount "36"]
[EventDate "1984.04.??"]
[EventType "tourn"]
[EventRounds "9"]
[EventCountry "NOR"]
[EventCategory "13"]
[Source "ChessBase"]
[SourceDate "1999.07.01"]
[WhiteTeamCountry "URS"]
[BlackTeamCountry "HUN"]

1. e4 c5 2. Nf3 e6 3. Nc3 d6 4. d4 cxd4 5. Nxd4 Nf6 6. g3 Nc6 7. Bg2 Bd7 8. O-O
Be7 9. Nce2 O-O 10. c4 a6 11. b3 Rc8 12. Bd2 Qc7 13. Re1 Ne5 14. Bb4 Rfd8 15.
Qd2 Be8 16. Rad1 Nfd7 17. h3 Nc5 18. Qe3 b6 1/2-1/2

[Event "Dortmund"]
[Site "Dortmund"]
[Date "1984.??.??"]
[Round "1"]
[White "Adorjan, Andras"]
[Black "Zysk, Robert"]
[Result "1/2-1/2"]
[WhiteElo "2580"]
[BlackElo "2325"]
[PlyCount "80"]
[EventDate "1984.09.??"]
[EventType "tourn"]
[EventRounds "11"]
[EventCountry "GER"]
[EventCategory "9"]
[Source "ChessBase"]
[SourceDate "1999.07.01"]
[WhiteTeamCountry "URS"]
[BlackTeamCountry "HUN"]

1. c4 c5 2. Nf3 Nf6 3. Nc3 Nc6 4. d4 cxd4 5. Nxd4 e6 6. g3 Qb6 7. Nb3 d5 8.
cxd5 Nxd5 9. Bg2 Nxc3 10. bxc3 Be7 11. O-O O-O 12. Be3 Qc7 13. Nd4 Rd8 14. Nxc6
Rxd1 15. Nxe7+ Qxe7 16. Rfxd1 g6 17. Rab1 e5 18. Rb5 Be6 19. Rxb7 Rd8 20. Rdb1
Qd6 21. h4 Bxa2 22. Ra1 Be6 23. Rbxa7 Kg7 24. Kh2 Rd7 25. R7a6 Qc7 26. Rc6 Qb8
27. Ra5 h5 28. Rac5 Rd1 29. Rc7 Rb1 30. R5c6 Qd8 31. Bg5 Qb8 32. Be3 Rd1 33. c4
Bd7 34. Rc5 Be6 35. Rb7 Qd8 36. Ra7 Rb1 37. Rxe5 Bxc4 38. Re4 Bb3 39. Bd4+ Kh7
40. Rf4 Be6 1/2-1/2

[Event "Dortmund"]
[Site "Dortmund"]
[Date "1984.??.??"]
[Round "11"]
[White "Adorjan, Andras"]
[Black "Suba, Mihai"]
[Result "1-0"]
[WhiteElo "2580"]
[BlackElo "2445"]
[PlyCount "84"]
[EventDate "1984.09.??"]
[EventType "tourn"]
[EventRounds "11"]
[EventCountry "GER"]
[EventCategory "9"]
[Source "ChessBase"]
[SourceDate "1999.07.01"]
[WhiteTeamCountry "URS"]
[BlackTeamCountry "HUN"]

1. c4 Nf6 2. Nc3 c5 3. Nf3 e6 4. g3 b6 5. Bg2 Bb7 6. O-O d6 7. d4 cxd4 8. Qxd4
a6 9. Rd1 Nbd7 10. Ng5 Bxg2 11. Kxg2 Rc8 12. Nge4 Rc6 13. Bf4 Qa8 14. Kg1 Nxe4
15. Qxe4 Nf6 16. Qf3 Qc8 17. Rd2 Be7 18. Rad1 Qc7 19. a4 O-O 20. b3 Rd8 21. Na2
a5 22. Nc3 Qd7 23. e4 Qe8 24. Nb5 e5 25. Bg5 Qf8 26. h4 Ne8 27. Be3 Rd7 28. Nc3
Rb7 29. Nd5 Nc7 30. Nxc7 Rbxc7 31. Rd5 Qc8 32. Bg5 Bf8 33. Kg2 Qe6 34. R1d3 g6
35. Rb5 h5 36. Qf6 Be7 37. Qf3 Bxg5 38. hxg5 Kg7 39. Qe3 Rb7 40. Rbd5 Rb8 41.
f3 f6 42. Qd2 Rd8 {.../57/} 1-0

[Event "Cap d'Agde op"]
[Site "Cap d'Agde"]
[Date "1985.??.??"]
[Round "?"]
[White "Adorjan, Andras"]
[Black "Doncevic, Dario"]
[Result "1/2-1/2"]
[WhiteElo "2565"]
[BlackElo "2360"]
[PlyCount "25"]
[EventDate "1985.??.??"]
[EventType "swiss"]
[EventRounds "9"]
[EventCountry "FRA"]
[Source "ChessBase"]
[SourceDate "2003.11.25"]
[WhiteTeamCountry "CUB"]
[BlackTeamCountry "HUN"]

1. c4 e5 2. Nc3 Bb4 3. Nd5 Bd6 4. d4 Nc6 5. Nf3 e4 6. Ng5 f5 7. c5 Be7 8. Bf4
d6 9. e3 Nf6 10. Bc4 Nxd5 11. Bxd5 Bxg5 12. Qh5+ g6 13. Bxc6+ 1/2-1/2

[Event "Cap d'Agde op"]
[Site "Cap d'Agde"]
[Date "1985.??.??"]
[Round "?"]
[White "Adorjan, Andras"]
[Black "Tompa, Janos"]
[Result "1-0"]
[WhiteElo "2565"]
[BlackElo "2360"]
[PlyCount "79"]
[EventDate "1985.??.??"]
[EventType "swiss"]
[EventRounds "9"]
[EventCountry "FRA"]
[Source "ChessBase"]
[SourceDate "2003.11.25"]
[WhiteTeamCountry "CUB"]
[BlackTeamCountry "HUN"]

1. c4 e6 2. Nc3 d5 3. d4 Nf6 4. Bg5 Be7 5. e3 O-O 6. Rc1 a6 7. cxd5 exd5 8. Bd3
Nbd7 9. Nf3 c6 10. Qc2 Re8 11. O-O Nf8 12. Rce1 g6 13. Ne5 Ne6 14. Bh4 Nh5 15.
Bxe7 Qxe7 16. Na4 Qc7 17. b4 Neg7 18. Nc5 Nf6 19. f3 a5 20. a3 axb4 21. axb4
Bf5 22. e4 Be6 23. Qf2 Nd7 24. Nexd7 Bxd7 25. Qg3 Qxg3 26. hxg3 Bc8 27. Ra1
Rxa1 28. Rxa1 b6 29. Na4 b5 30. Nb6 Be6 31. exd5 Bxd5 32. Nxd5 cxd5 33. Bxb5
Rb8 34. Bc6 Ne6 35. Ra8 Rxa8 36. Bxa8 Nc7 37. Bc6 Kf8 38. b5 Ne6 39. Bxd5 Nxd4
40. b6 1-0

[Event "Cap d'Agde op"]
[Site "Cap d'Agde"]
[Date "1985.??.??"]
[Round "?"]
[White "Andruet, Gilles"]
[Black "Adorjan, Andras"]
[Result "1/2-1/2"]
[WhiteElo "2390"]
[BlackElo "2560"]
[PlyCount "47"]
[EventDate "1985.??.??"]
[EventType "swiss"]
[EventRounds "9"]
[EventCountry "FRA"]
[Source "ChessBase"]
[SourceDate "2003.11.25"]
[WhiteTeamCountry "CUB"]
[BlackTeamCountry "HUN"]

1. d4 Nf6 2. c4 e6 3. Nf3 b6 4. g3 Ba6 5. b3 Bb4+ 6. Bd2 Be7 7. Bg2 c6 8. Bc3
d5 9. Nbd2 O-O 10. O-O Nbd7 11. Re1 c5 12. e4 dxe4 13. Nxe4 Bb7 14. Nfg5 cxd4
15. Bxd4 Qc7 16. Nxf6+ Bxf6 17. Bxb7 Qxb7 18. Ne4 Bxd4 19. Qxd4 Rad8 20. Rad1
Qa8 21. Qc3 Nb8 22. Nf6+ gxf6 23. Qxf6 Rxd1 24. Qg5+ 1/2-1/2

[Event "Cap d'Agde op"]
[Site "Cap d'Agde"]
[Date "1985.??.??"]
[Round "?"]
[White "Yoffie, Marc"]
[Black "Adorjan, Andras"]
[Result "0-1"]
[WhiteElo "2330"]
[BlackElo "2560"]
[PlyCount "80"]
[EventDate "1985.??.??"]
[EventType "swiss"]
[EventRounds "9"]
[EventCountry "FRA"]
[Source "ChessBase"]
[SourceDate "2003.11.25"]
[WhiteTeamCountry "CUB"]
[BlackTeamCountry "HUN"]

1. d4 Nf6 2. c4 e6 3. Nf3 b6 4. e3 Bb4+ 5. Bd2 Be7 6. Nc3 Bb7 7. Bd3 c5 8. O-O
O-O 9. Qe2 cxd4 10. exd4 Nc6 11. a3 d5 12. cxd5 Nxd5 13. Qe4 Nf6 14. Qh4 Rc8
15. Rad1 Rc7 16. d5 exd5 17. Bf4 Rd7 18. Bf5 d4 19. Ne5 g6 20. Nxd7 Nxd7 21.
Qg3 Bh4 22. Qg4 h5 23. Qh3 gxf5 24. Qxf5 dxc3 25. Rxd7 Bc8 26. Rxd8 Bxf5 27.
Rxf8+ Kxf8 28. bxc3 Be7 29. a4 Bc2 30. Ra1 Bf6 31. Ra3 Na5 32. Bb8 Nc4 33. Ra1
a6 34. Bc7 Ke7 35. a5 b5 36. Bb6 Kd6 37. Rc1 Bb3 38. Bd4 Bxd4 39. cxd4 Kd5 40.
Rc3 Bd1 0-1

[Event "Prague zt"]
[Site "Prague"]
[Date "1985.??.??"]
[Round "2"]
[White "Donchev, Dimitar I"]
[Black "Adorjan, Andras"]
[Result "1/2-1/2"]
[WhiteElo "2450"]
[BlackElo "2565"]
[PlyCount "79"]
[EventDate "1985.02.01"]
[EventType "tourn"]
[EventRounds "17"]
[EventCountry "CZE"]
[EventCategory "10"]
[Source "ChessBase"]
[SourceDate "1999.07.01"]
[WhiteTeamCountry "CUB"]
[BlackTeamCountry "HUN"]

1. g3 c5 2. c4 g6 3. Bg2 Bg7 4. Nc3 Nc6 5. b3 e6 6. Bb2 Nge7 7. Qc1 d6 8. Nd5
e5 9. d3 O-O 10. h4 h6 11. h5 g5 12. f4 f6 13. e4 exf4 14. gxf4 Nxd5 15. cxd5
Nb4 16. Qd2 Qa5 17. Ke2 Qb6 18. Nf3 Bg4 19. Bh3 f5 20. Bxg7 Kxg7 21. Rag1 fxe4
22. Bxg4 exf3+ 23. Bxf3 Rae8+ 24. Be4 Qa6 25. Kd1 Qxa2 26. Qxa2 Nxa2 27. fxg5
Nc3+ 28. Kc2 Nxe4 29. gxh6+ Kxh6 30. Rg6+ Kh7 31. dxe4 Rf2+ 32. Kd3 Rf3+ 33.
Kd2 Rxe4 34. Rxd6 Rd4+ 35. Ke2 Rxb3 36. Rd7+ Kh6 37. Rd6+ Kh7 38. Rd7+ Kh6 39.
Rd6+ Kh7 40. Rd7+ 1/2-1/2

[Event "Prague zt"]
[Site "Prague"]
[Date "1985.??.??"]
[Round "3"]
[White "Adorjan, Andras"]
[Black "Gheorghiu, Florin"]
[Result "1/2-1/2"]
[WhiteElo "2565"]
[BlackElo "2530"]
[PlyCount "23"]
[EventDate "1985.02.01"]
[EventType "tourn"]
[EventRounds "17"]
[EventCountry "CZE"]
[EventCategory "10"]
[Source "ChessBase"]
[SourceDate "1999.07.01"]
[WhiteTeamCountry "CUB"]
[BlackTeamCountry "HUN"]

1. c4 c5 2. Nf3 Nf6 3. Nc3 b6 4. e3 g6 5. d4 Bg7 6. Be2 O-O 7. O-O d6 8. b3 Bb7
9. Bb2 e6 10. dxc5 dxc5 11. Qc2 Nc6 12. Rad1 1/2-1/2

[Event "Prague zt"]
[Site "Prague"]
[Date "1985.??.??"]
[Round "4"]
[White "Prandstetter, Eduard"]
[Black "Adorjan, Andras"]
[Result "0-1"]
[WhiteElo "2430"]
[BlackElo "2565"]
[PlyCount "78"]
[EventDate "1985.02.01"]
[EventType "tourn"]
[EventRounds "17"]
[EventCountry "CZE"]
[EventCategory "10"]
[Source "ChessBase"]
[SourceDate "1999.07.01"]
[WhiteTeamCountry "CUB"]
[BlackTeamCountry "HUN"]

1. e4 c5 2. Nf3 e6 3. d4 cxd4 4. Nxd4 Nf6 5. Nc3 d6 6. Be2 a6 7. O-O Be7 8. f4
O-O 9. Be3 Qc7 10. g4 b5 11. g5 Nfd7 12. f5 Ne5 13. f6 Bd8 14. a3 Nbd7 15. fxg7
Kxg7 16. Bd3 Nb6 17. Qh5 Nbc4 18. Bxc4 Nxc4 19. Nf5+ Kh8 20. Bd4+ Ne5 21. Nh6
f6 22. gxf6 Bxf6 23. Bxe5 dxe5 24. Ng4 Qg7 25. Kh1 Bb7 26. Nxf6 Rxf6 27. Rg1
Qc7 28. Rg5 Qc4 29. Rg4 Rf1+ 30. Kg2 Rf5 31. Qh6 Rg8 32. Rxg8+ Kxg8 33. Rg1 Kh8
34. Kh3 Rf3+ 35. Rg3 Qf1+ 36. Kh4 Rxg3 37. Kxg3 Qg1+ 38. Kf3 Qf1+ 39. Ke3 Qc1+
0-1

[Event "Prague zt"]
[Site "Prague"]
[Date "1985.??.??"]
[Round "5"]
[White "Adorjan, Andras"]
[Black "Mokry, Karel"]
[Result "1-0"]
[WhiteElo "2565"]
[BlackElo "2490"]
[PlyCount "99"]
[EventDate "1985.02.01"]
[EventType "tourn"]
[EventRounds "17"]
[EventCountry "CZE"]
[EventCategory "10"]
[Source "ChessBase"]
[SourceDate "1999.07.01"]
[WhiteTeamCountry "CUB"]
[BlackTeamCountry "HUN"]

1. c4 c5 2. Nf3 Nc6 3. d4 cxd4 4. Nxd4 Nf6 5. Nc3 e6 6. g3 Bc5 7. Nb3 Be7 8.
Bg2 d6 9. O-O O-O 10. Bf4 Ng4 11. Rc1 Nge5 12. Nb5 a6 13. N5d4 Nxd4 14. Qxd4
Nc6 15. Qd3 e5 16. Be3 Be6 17. Rfd1 Rc8 18. Qb1 Qc7 19. Be4 Kh8 20. c5 Rfd8 21.
cxd6 Rxd6 22. Rxd6 Bxd6 23. Nc5 Bxc5 24. Rxc5 Qd7 25. a3 Nd4 26. Rxc8+ Qxc8 27.
Bxd4 exd4 28. h4 f5 29. Bf3 Qc4 30. Qd1 Bd5 31. Bxd5 Qxd5 32. Qd3 Qc5 33. b4
Qc1+ 34. Kh2 h6 35. Qxf5 Qxa3 36. Qc8+ Kh7 37. Qxb7 Qb2 38. Qe7 Kh8 39. Kg2 Qc3
40. Qd6 Kg8 41. Qd5+ Kh8 42. Qa8+ Kh7 43. Qxa6 Qxb4 44. Qd3+ Kg8 45. Qe4 Qd6
46. g4 Qd8 47. Kg3 Qc7+ 48. f4 g5 49. hxg5 hxg5 50. Qe8+ 1-0

[Event "Prague zt"]
[Site "Prague"]
[Date "1985.??.??"]
[Round "6"]
[White "Farago, Ivan"]
[Black "Adorjan, Andras"]
[Result "1/2-1/2"]
[WhiteElo "2495"]
[BlackElo "2565"]
[PlyCount "34"]
[EventDate "1985.02.01"]
[EventType "tourn"]
[EventRounds "17"]
[EventCountry "CZE"]
[EventCategory "10"]
[Source "ChessBase"]
[SourceDate "1999.07.01"]
[WhiteTeamCountry "CUB"]
[BlackTeamCountry "HUN"]

1. d4 Nf6 2. c4 e6 3. Nf3 b6 4. g3 Ba6 5. Nbd2 Bb7 6. Bg2 c5 7. dxc5 Bxc5 8.
O-O O-O 9. b3 Be7 10. Bb2 d6 11. Re1 Nbd7 12. e4 a6 13. Qe2 Qc7 14. e5 dxe5 15.
Nxe5 Bxg2 16. Kxg2 Rac8 17. Ndf3 Qb7 1/2-1/2

[Event "Prague zt"]
[Site "Prague"]
[Date "1985.??.??"]
[Round "7"]
[White "Adorjan, Andras"]
[Black "Csom, Istvan"]
[Result "1/2-1/2"]
[WhiteElo "2565"]
[BlackElo "2480"]
[PlyCount "81"]
[EventDate "1985.02.01"]
[EventType "tourn"]
[EventRounds "17"]
[EventCountry "CZE"]
[EventCategory "10"]
[Source "ChessBase"]
[SourceDate "1999.07.01"]
[WhiteTeamCountry "CUB"]
[BlackTeamCountry "HUN"]

1. c4 e6 2. Nc3 d5 3. d4 Nf6 4. Bg5 Be7 5. e3 Nbd7 6. Nf3 O-O 7. Rc1 a6 8. cxd5
exd5 9. Bd3 c6 10. O-O Re8 11. Qc2 Nf8 12. Rce1 g6 13. Ne5 Nh5 14. Bxe7 Rxe7
15. Qb3 Ng7 16. e4 Be6 17. exd5 cxd5 18. Qb4 Rc7 19. Re3 f6 20. Nf3 Rc6 21. h3
Qd6 22. Qxd6 Rxd6 23. Rfe1 Bd7 24. a3 Nfe6 25. Bb1 Re8 26. Rd1 Nc7 27. Rxe8+
Bxe8 28. Nh2 Nge6 29. Ng4 Kg7 30. Ba2 Bc6 31. Ne3 Kf7 32. Nc2 Nb5 33. Nxb5 Bxb5
34. Ne3 Bc6 35. g3 Rd8 36. Kg2 Ke7 37. h4 Kd6 38. Bb3 Re8 39. Rd2 f5 40. Bd1
Rf8 41. f4 1/2-1/2

[Event "Prague zt"]
[Site "Prague"]
[Date "1985.??.??"]
[Round "8"]
[White "Adorjan, Andras"]
[Black "Georgiev, Krum"]
[Result "0-1"]
[WhiteElo "2565"]
[BlackElo "2445"]
[PlyCount "52"]
[EventDate "1985.02.01"]
[EventType "tourn"]
[EventRounds "17"]
[EventCountry "CZE"]
[EventCategory "10"]
[Source "ChessBase"]
[SourceDate "1999.07.01"]
[WhiteTeamCountry "CUB"]
[BlackTeamCountry "HUN"]

1. c4 g6 2. e4 Bg7 3. d4 d6 4. Nc3 Nf6 5. f3 O-O 6. Bg5 a6 7. Qd2 c6 8. O-O-O
b5 9. Bh6 Bxh6 10. Qxh6 Qa5 11. Kb1 Nbd7 12. Qd2 Re8 13. h4 Nb6 14. Qg5 Rb8 15.
Bd3 c5 16. dxc5 bxc4 17. cxb6 Qxb6 18. Qc1 cxd3 19. Rxd3 d5 20. Nge2 dxe4 21.
fxe4 Be6 22. Nf4 Bc4 23. Rg3 Rec8 24. h5 Nxe4 25. Re3 Bxa2+ 26. Kxa2 Qa5+ 0-1

[Event "Prague zt"]
[Site "Prague"]
[Date "1985.??.??"]
[Round "9"]
[White "Ghinda, Mihail Viorel"]
[Black "Adorjan, Andras"]
[Result "1/2-1/2"]
[WhiteElo "2475"]
[BlackElo "2565"]
[PlyCount "20"]
[EventDate "1985.02.01"]
[EventType "tourn"]
[EventRounds "17"]
[EventCountry "CZE"]
[EventCategory "10"]
[Source "ChessBase"]
[SourceDate "1999.07.01"]
[WhiteTeamCountry "CUB"]
[BlackTeamCountry "HUN"]

1. e4 c6 2. d4 d5 3. e5 Bf5 4. c3 e6 5. Be3 Qb6 6. Qb3 Nh6 7. Nd2 Bg6 8. f3 Nd7
9. Nh3 Be7 10. g3 f6 1/2-1/2

[Event "Prague zt"]
[Site "Prague"]
[Date "1985.??.??"]
[Round "10"]
[White "Adorjan, Andras"]
[Black "Suba, Mihai"]
[Result "1/2-1/2"]
[WhiteElo "2565"]
[BlackElo "2465"]
[PlyCount "27"]
[EventDate "1985.02.01"]
[EventType "tourn"]
[EventRounds "17"]
[EventCountry "CZE"]
[EventCategory "10"]
[Source "ChessBase"]
[SourceDate "1999.07.01"]
[WhiteTeamCountry "CUB"]
[BlackTeamCountry "HUN"]

1. c4 Nf6 2. Nc3 c5 3. Nf3 e6 4. g3 b6 5. Bg2 Bb7 6. O-O a6 7. d4 cxd4 8. Qxd4
d6 9. Rd1 Nbd7 10. Ng5 Bxg2 11. Kxg2 Rc8 12. Nge4 Rc6 13. Bf4 Nxe4 14. Qxe4
1/2-1/2

[Event "Prague zt"]
[Site "Prague"]
[Date "1985.??.??"]
[Round "11"]
[White "Schmidt, Wlodzimierz"]
[Black "Adorjan, Andras"]
[Result "1/2-1/2"]
[WhiteElo "2475"]
[BlackElo "2565"]
[PlyCount "44"]
[EventDate "1985.02.01"]
[EventType "tourn"]
[EventRounds "17"]
[EventCountry "CZE"]
[EventCategory "10"]
[Source "ChessBase"]
[SourceDate "1999.07.01"]
[WhiteTeamCountry "CUB"]
[BlackTeamCountry "HUN"]

1. c4 c5 2. g3 g6 3. Bg2 Bg7 4. Nc3 Nc6 5. e3 e5 6. Nge2 Nge7 7. d3 d6 8. a3
O-O 9. Rb1 Be6 10. Nd5 b5 11. Nxe7+ Nxe7 12. cxb5 Rb8 13. Nc3 d5 14. a4 f5 15.
d4 f4 16. dxc5 fxe3 17. O-O Rxf2 18. Rxf2 exf2+ 19. Kxf2 Qc7 20. b4 e4 21. Ne2
Bg4 22. Kg1 Rf8 1/2-1/2

[Event "Prague zt"]
[Site "Prague"]
[Date "1985.??.??"]
[Round "12"]
[White "Adorjan, Andras"]
[Black "Grigorov, Jordan N"]
[Result "1/2-1/2"]
[WhiteElo "2565"]
[BlackElo "2435"]
[PlyCount "55"]
[EventDate "1985.02.01"]
[EventType "tourn"]
[EventRounds "17"]
[EventCountry "CZE"]
[EventCategory "10"]
[Source "ChessBase"]
[SourceDate "1999.07.01"]
[WhiteTeamCountry "CUB"]
[BlackTeamCountry "HUN"]

1. c4 f5 2. Nc3 Nf6 3. g3 g6 4. Bg2 Bg7 5. Nf3 O-O 6. O-O d6 7. d4 Qe8 8. d5
Na6 9. Nd4 Bd7 10. Rb1 c6 11. b3 Nc7 12. e3 c5 13. Nde2 b5 14. cxb5 Nxb5 15.
Nxb5 Bxb5 16. Bb2 Qf7 17. Re1 Ne4 18. Bxg7 Qxg7 19. Rc1 a5 20. Nf4 Bd7 21. Qc2
Nf6 22. Qd3 Rfb8 23. Ne6 Bxe6 24. dxe6 Ra7 25. Rc4 Qf8 26. e4 fxe4 27. Bxe4 Qe8
28. Qd2 1/2-1/2

[Event "Prague zt"]
[Site "Prague"]
[Date "1985.??.??"]
[Round "13"]
[White "Pinter, Jozsef"]
[Black "Adorjan, Andras"]
[Result "1-0"]
[WhiteElo "2540"]
[BlackElo "2565"]
[PlyCount "49"]
[EventDate "1985.02.01"]
[EventType "tourn"]
[EventRounds "17"]
[EventCountry "CZE"]
[EventCategory "10"]
[Source "ChessBase"]
[SourceDate "1999.07.01"]
[WhiteTeamCountry "CUB"]
[BlackTeamCountry "HUN"]

1. d4 Nf6 2. c4 e6 3. Nf3 b6 4. g3 Ba6 5. b3 Bb4+ 6. Bd2 Be7 7. Nc3 O-O 8. e4
Bb7 9. Bd3 d5 10. cxd5 exd5 11. e5 Ne4 12. O-O c5 13. Rc1 Na6 14. Re1 Nb4 15.
Bb1 f5 16. exf6 Bxf6 17. Nxe4 dxe4 18. Bxb4 e3 19. Rxe3 Bxf3 20. Qc2 g6 21.
dxc5 Bg5 22. Rd3 Qc8 23. Qc4+ Kg7 24. Qc3+ Kh6 25. h4 1-0

[Event "Prague zt"]
[Site "Prague"]
[Date "1985.??.??"]
[Round "15"]
[White "Ftacnik, Lubomir"]
[Black "Adorjan, Andras"]
[Result "1-0"]
[WhiteElo "2545"]
[BlackElo "2565"]
[PlyCount "57"]
[EventDate "1985.02.01"]
[EventType "tourn"]
[EventRounds "17"]
[EventCountry "CZE"]
[EventCategory "10"]
[Source "ChessBase"]
[SourceDate "1999.07.01"]
[WhiteTeamCountry "CUB"]
[BlackTeamCountry "HUN"]

1. d4 Nf6 2. c4 e6 3. Nf3 b6 4. g3 Ba6 5. b3 Bb4+ 6. Bd2 Be7 7. Nc3 O-O 8. e4
Bb7 9. Bd3 d5 10. cxd5 exd5 11. e5 Ne4 12. O-O c5 13. Re1 cxd4 14. Nxe4 dxe4
15. Bxe4 Bxe4 16. Rxe4 Nc6 17. Qc2 Qd5 18. Qd3 Rac8 19. Rae1 f5 20. exf6 Bxf6
21. h4 Qf7 22. R1e2 Qg6 23. b4 Qf7 24. b5 Na5 25. Nxd4 Qxa2 26. Bb4 Qa1+ 27.
Re1 Rc1 28. Nc2 Rd8 29. Qxd8+ 1-0

[Event "Prague zt"]
[Site "Prague"]
[Date "1985.??.??"]
[Round "16"]
[White "Adorjan, Andras"]
[Black "Sznapik, Aleksander"]
[Result "1/2-1/2"]
[WhiteElo "2565"]
[BlackElo "2450"]
[PlyCount "23"]
[EventDate "1985.02.01"]
[EventType "tourn"]
[EventRounds "17"]
[EventCountry "CZE"]
[EventCategory "10"]
[Source "ChessBase"]
[SourceDate "1999.07.01"]
[WhiteTeamCountry "CUB"]
[BlackTeamCountry "HUN"]

1. c4 Nf6 2. Nc3 g6 3. g3 Bg7 4. Bg2 O-O 5. e4 c5 6. Nge2 Nc6 7. d3 d6 8. O-O
Ne8 9. Be3 Nc7 10. Rb1 Ne6 11. a3 a5 12. h3 1/2-1/2

[Event "Prague zt"]
[Site "Prague"]
[Date "1985.??.??"]
[Round "17"]
[White "Ermenkov, Evgenij"]
[Black "Adorjan, Andras"]
[Result "0-1"]
[WhiteElo "2515"]
[BlackElo "2565"]
[PlyCount "82"]
[EventDate "1985.02.01"]
[EventType "tourn"]
[EventRounds "17"]
[EventCountry "CZE"]
[EventCategory "10"]
[Source "ChessBase"]
[SourceDate "1999.07.01"]
[WhiteTeamCountry "CUB"]
[BlackTeamCountry "HUN"]

1. e4 c5 2. Nf3 e6 3. d4 cxd4 4. Nxd4 Nf6 5. Nc3 d6 6. Be2 a6 7. O-O Nbd7 8. f4
b5 9. Bf3 Bb7 10. a3 Qc7 11. Kh1 Be7 12. Qe1 O-O 13. g4 d5 14. exd5 Bc5 15. Be3
exd5 16. g5 Rfe8 17. Rd1 Ne4 18. Nxe4 dxe4 19. Bg4 Nb6 20. f5 Rad8 21. c3 Bxd4
22. cxd4 Nd5 23. g6 fxg6 24. fxg6 hxg6 25. Rg1 Qd6 26. Rd2 Rf8 27. Rdg2 Rf6 28.
Bd1 Nxe3 29. Qxe3 Qxd4 30. Bb3+ Kf8 31. Qh3 Rf5 32. Qh7 Qf6 33. Qh8+ Ke7 34.
Qh3 Rf3 35. Qg4 Rxb3 36. Rc1 Rbd3 37. Rgc2 R8d7 38. Rc7 Qf3+ 39. Qxf3 exf3 40.
Kg1 Rd2 41. Kf1 Rxh2 0-1